00495nam a22001572 4500001001100000005001700011008004100028020002600069040001500095100003000110245004000140260003500180300001600215650003800231650006800269000000728620151217155833.0071218s xx 000 0 eng d a9966250948 :cKES 240 aKABUcKABU1 aNdege, Peter.@000015850710aOlonana Ole Mbatian /cPeter Ndege. aNairobi :bE. A. E. P.,c2003. aix, 100 p. 0aMbatian, Olonana Ole.@0000158508 0aMasai (African people)vBigraphyxKings and rulers.@0000158509